| 000 | 00647nam a22002057a 4500 | ||
|---|---|---|---|
| 005 | 20251108165444.0 | ||
| 008 | 250721s1992 xx 000 0 ara d | ||
| 082 | 1 | 4 | _aم/811.609/أمد |
| 100 | 1 | _aالأمدى، أبو القاسم الحسن بن بشر | |
| 245 | 1 | 0 | _aالموازنة بين شعر أبي تمام و البحتري / |
| 250 | _aط4 | ||
| 264 | 1 |
_aالقاهرة : _bدار المعارف، _c1992. |
|
| 300 | _a569ص | ||
| 650 | 1 | 7 | _aالشعر العربي |
| 650 | 1 | 7 | _aالشعر العباسي |
| 650 | 1 | 7 | _aتاريخ ونقد |
| 700 | 1 |
_aصقر، أحمد _eتحقيق |
|
| 942 |
_2ddc _cREF |
||
| 999 |
_c28360 _d28360 |
||